The Art of developing personal power : (Record no. 356525)
[ view plain ]
| 000 -LEADER | |
|---|---|
| fixed length control field | 00525nam a2200205Ia 4500 |
| 008 - FIXED-LENGTH DATA ELEMENTS--GENERAL INFORMATION | |
| fixed length control field | 180523s9999 xx 000 0 und d |
| 020 ## - INTERNATIONAL STANDARD BOOK NUMBER | |
| International Standard Book Number | 81-7224-426-6 |
| 050 ## - LIBRARY OF CONGRESS CALL NUMBER | |
| Classification number | MAIN BF 697 |
| 050 ## - LIBRARY OF CONGRESS CALL NUMBER | |
| Item number | .H49 2003 c.1 |
| 100 ## - MAIN ENTRY--PERSONAL NAME | |
| Personal name | Hewitt, William W. |
| 245 #4 - TITLE STATEMENT | |
| Title | The Art of developing personal power : |
| 245 #0 - TITLE STATEMENT | |
| Remainder of title | (the art of self-talk) / |
| 245 #0 - TITLE STATEMENT | |
| Statement of responsibility, etc | William W. Hewitt. |
| 260 ## - PUBLICATION, DISTRIBUTION, ETC. (IMPRINT) | |
| Place of publication, distribution, etc | Mumbai : |
| 260 ## - PUBLICATION, DISTRIBUTION, ETC. (IMPRINT) | |
| Name of publisher, distributor, etc | Jaico Publishing, |
| 260 ## - PUBLICATION, DISTRIBUTION, ETC. (IMPRINT) | |
| Date of publication, distribution, etc | 2003 |
| 300 ## - PHYSICAL DESCRIPTION | |
| Extent | 180 pages : |
| 300 ## - PHYSICAL DESCRIPTION | |
| Dimensions | 22 cm. |
| 650 ## - SUBJECT ADDED ENTRY--TOPICAL TERM | |
| Topical term or geographic name as entry element | Self-esteem. |
| Withdrawn status | Lost status | Damaged status | Home library | Current library | Shelving location | Date acquired | Cost, normal purchase price | Total Checkouts | Full call number | Barcode | Date last seen | Price effective from | Koha item type |
|---|---|---|---|---|---|---|---|---|---|---|---|---|---|
| South Mansfield College | South Mansfield College | 05/23/2018 | 375.00 | MAIN BF 697 .H49 2003 c.1 | SMC00609 | 05/23/2018 | 05/23/2018 |